000 00948nam a2200289Ia 4500
003 OSt
005 20221005081138.0
006 a|||||r|||| 00| 0
007 ta
008 221004b |||||||| |||| 00| 0 eng d
020 _a9788177582611 (pbk)
_c165.75
024 _a98999
037 _b05230, 29/09/2009, Atlantic Publisher & Dist. Pvt Ltd.
_cTextual
040 _aCRL
_cCRL
_beng
041 _2eng
_aeng
082 _aX:8, P9
100 _aFrench Wendell L.
245 0 _aOrganization development
_b Behavioral science interventions for organization improment
250 _a8th
260 _aNew Delhi
_bPrentice Hall India
_c2009
300 _axiii, 236p.
_ccm.
650 _aECONOMICS
700 _a Bell Cecil H.
700 _a Vohra Veena
_9453051
942 _hX:8, P9
_cTEXL
_2cc
999 _c987263
_d987263